La metodología de uso del tiempo. Sus características, limitaciones y potencialidades = The methodology of use of time: Its characteristics /
Este trabajo tiene por objetivo presentar las características básicas de la metodología de uso del tiempo o de presupuestos de tiempo, sus potencialidades para los análisis sociológicos y los recaudos necesarios para su utilización. En una primera parte se exponen las características generales de la...
Збережено в:
| Автор: | |
|---|---|
| Формат: | Текст |
| Предмети: | |
| Теги: |
Додати тег
Немає тегів, Будьте першим, хто поставить тег для цього запису!
|
MARC
| LEADER | 00000 a a2200000 04500 | ||
|---|---|---|---|
| 001 | 40630 | ||
| 003 | |||
| 040 | |||
| 100 | |a Delfino, Andrea | ||
| 245 | |a La metodología de uso del tiempo. Sus características, limitaciones y potencialidades = |b The methodology of use of time: Its characteristics / |c Andrea Delfino | ||
| 500 | |a andelfino@yahoo.com.ar | ||
| 520 | |a Este trabajo tiene por objetivo presentar las características básicas de la metodología de uso del tiempo o de presupuestos de tiempo, sus potencialidades para los análisis sociológicos y los recaudos necesarios para su utilización. En una primera parte se exponen las características generales de la metodología constituidas en torno a tres elementos básicos - el tipo de actividades desarrolladas por las personas, la ubicación temporal de esas actividades y el tiempo demandado en su realización-. En la segunda parte se describen las diferentes técnicas utilizadas para implementarla y las potencialidades que brinda la metodología para el análisis de los patrones de actividad laboral y familiar. | ||
| 590 | |a RRA/ENERO2011 | ||
| 650 | |a 1..METODOLOGIA | ||
| 650 | |a 2.INVESTIGACION SOCIAL | ||
| 650 | |a 3.ANALISIS SOCIOLOGICO | ||
| 650 | |a 4.DISTRIBUCION DEL TIEMPO | ||
| 650 | |a 5.TEORIA | ||
| 773 | |g volumen18, número2 ( , 2009), páginas 219-234 | ||
| 999 | |c 35364 |d 35364 | ||
